Building internet firewalls / (Record no. 8280)
[ view plain ]
| 000 -LEADER | |
|---|---|
| fixed length control field | 00962cam a22002652 4500 |
| 001 - CONTROL NUMBER | |
| control field | 0000012699 |
| 005 - DATE AND TIME OF LATEST TRANSACTION | |
| control field | 20151217152112.0 |
| 008 - FIXED-LENGTH DATA ELEMENTS--GENERAL INFORMATION | |
| fixed length control field | 090312s xx 000 0 eng d |
| 020 ## - INTERNATIONAL STANDARD BOOK NUMBER | |
| International Standard Book Number | 1565928717 : |
| 040 ## - CATALOGING SOURCE | |
| Original cataloging agency | KABU |
| Transcribing agency | KABU |
| 100 1# - MAIN ENTRY--PERSONAL NAME | |
| Personal name | Zwicky, Elizabeth D. |
| -- | 0000169596 |
| 245 10 - TITLE STATEMENT | |
| Title | Building internet firewalls / |
| Statement of responsibility, etc. | Elizabeth D. Zwicky, Simon Cooper & D. Brent Chapman. |
| 250 ## - EDITION STATEMENT | |
| Edition statement | 2nd ed. |
| 260 ## - PUBLICATION, DISTRIBUTION, ETC. (IMPRINT) | |
| Place of publication, distribution, etc. | Cambridge : |
| Name of publisher, distributor, etc. | O'Reilly, |
| Date of publication, distribution, etc. | 2000. |
| 300 ## - PHYSICAL DESCRIPTION | |
| Extent | xxi, 869 p. |
| 650 #0 - SUBJECT ADDED ENTRY--TOPICAL TERM | |
| Topical term or geographic name as entry element | Computer networks |
| General subdivision | Security measures. |
| -- | 0000148224 |
| 650 #0 - SUBJECT ADDED ENTRY--TOPICAL TERM | |
| Topical term or geographic name as entry element | Internet (Computer network) |
| General subdivision | Security measures. |
| -- | 0000169597 |
| 700 1# - ADDED ENTRY--PERSONAL NAME | |
| Personal name | Cooper, Simon. |
| -- | 0000169598 |
| 700 1# - ADDED ENTRY--PERSONAL NAME | |
| Personal name | Chapman, D. Brent. |
| -- | 0000169599 |
| 852 1# - LOCATION | |
| -- | p3360 KES |
| 852 1# - LOCATION | |
| -- | p3360 KES |
| 852 1# - LOCATION | |
| -- | p4306.25 KES |
| 908 ## - PUT COMMAND PARAMETER (RLIN) | |
| Put command parameter | 090312 |
| 950 ## - LOCAL HOLDINGS (RLIN) | |
| -- | 1 |
| Withdrawn status | Lost status | Source of classification or shelving scheme | Not for loan | Home library | Current library | Date acquired | Total Checkouts | Full call number | Barcode | Date last seen | Price effective from | Koha item type | Date last checked out |
|---|---|---|---|---|---|---|---|---|---|---|---|---|---|
| Library of Congress Classification | Kabarak, Main Campus | Kabarak, Main Campus | 17/12/2015 | TK5105.59 .Z95 2000 c. 1 | 17115 | 17/12/2015 | 17/12/2015 | General Collection | |||||
| Library of Congress Classification | Kabarak, Main Campus | Kabarak, Main Campus | 17/12/2015 | TK5105.59 .Z95 2000 c. 2 | 17114 | 17/12/2015 | 17/12/2015 | General Collection | |||||
| Library of Congress Classification | Kabarak, Main Campus | Kabarak, Main Campus | 17/12/2015 | 1 | TK5105.59 .Z95 2000 c. 3 | 23928 | 01/12/2017 | 17/12/2015 | General Collection | 09/11/2017 |